logo

Bir Sreshtho Munshi Abdur Rouf Library
Jhenaidah Cadet College

Principle-centered leadership / (Record no. 2479)

MARC details
000 -LEADER
fixed length control field 00760cam a2200277Ia 4500
001 - CONTROL NUMBER
JCCL Control Number 2479
003 - CONTROL NUMBER IDENTIFIER
JCCL marc code BD-JhCC
005 - DATE AND TIME OF LATEST TRANSACTION
control field 20211013134021.0
008 - FIXED-LENGTH DATA ELEMENTS--GENERAL INFORMATION
fixed length control field 951205s1992 nyua 001 0 eng d
020 ## - INTERNATIONAL STANDARD BOOK NUMBER
International Standard Book Number 0671792806 (pbk.)
035 ## - SYSTEM CONTROL NUMBER
system control number MITb10753150
035 ## - SYSTEM CONTROL NUMBER
system control number (BD-JhCC)2479
040 ## - CATALOGING SOURCE
Original cataloging agency IFK
Transcribing agency IFK
Modifying agency RXY
-- VET
-- MYG
041 ## - LANGUAGE CODE
Language code of Book eng
082 ## - DEWEY DECIMAL CLASSIFICATION NUMBER
DDC Edition number 23
Classification number 158.4
Author mark and Year COV 1992
090 ## - LOCALLY ASSIGNED LC-TYPE CALL NUMBER (OCLC); LOCAL CALL NUMBER (OCLC)
Classification number (OCLC) (R) ; Classification number, CALL (RLIN) (NR) BF637.S8
Local cutter number (OCLC) ; Book number/undivided call number, CALL (RLIN) C67 1992
100 1# - MAIN ENTRY--PERSONAL NAME
Personal name Covey, Stephen R.
245 10 - TITLE STATEMENT
Title Principle-centered leadership /
Statement of responsibility, etc Stephen R. Covey.
250 ## - EDITION STATEMENT
Edition statement 1st Fireside ed.
260 ## - PUBLICATION, DISTRIBUTION, ETC. (IMPRINT)
Place of publication, distribution, etc New York :
Name of publisher, distributor, etc Simon & Schuster,
Date of publication, distribution, etc 1992.
300 ## - PHYSICAL DESCRIPTION
Pagination 334 p. :
Other physical details ill. ;
Dimensions 22 cm.
500 ## - GENERAL NOTE
General note Includes index.
650 #0 - SUBJECT ADDED ENTRY--TOPICAL TERM
Topical term or geographic name as entry element Success
General subdivision Psychological aspects.
650 #0 - SUBJECT ADDED ENTRY--TOPICAL TERM
Topical term or geographic name as entry element Leadership.
942 ## - ADDED ENTRY ELEMENTS (KOHA)
Source of classification or shelving scheme Dewey Decimal Classification
Koha item type Books
Koha issues (borrowed), all copies 2
Holdings
Source of classification or shelving scheme Damaged status Not for loan Home library Current library Shelving location Date of accession Total Checkouts Full call number Barcode Date last seen Date checked out Copy number Koha item type
Dewey Decimal Classification     JCC Rouf Library JCC Rouf Library General Stacks 11/02/2017 2 158.4 COV 1992 3667 11/11/2021 10/13/2021 C-1 Books

JCC Library | Contacts | JCC Home

Last Update on 23 September 2017
Copyright @ 2017-2020 JCC Rouf Library
Rouf Library, Jhenidah Cadet College (JCC), Bangladesh